00511nam a22001577a 4500020001800000082001500018100002400033245010700057260003400164300001000198650001800208650004500226650003200271650001500303650003500318 a9780470876367 aI5007 G584 aGoman, Carol Kinset aThe silent language of leaders: how body language can help or hurt how you leadcby Carol Kinset Goman aNew JerseybJossey Bassc2011 a278p. aBody language aNonverbal communication in the workplace aCommunication in management aLeadership aCommunication in organizations